Manká a škody

Manko z účtovného, daňového a právneho pohľadu. Inventarizácia a postup zisťovania inventarizačných rozdielov. Prípravná etapa inventarizácie. Etapa inventúry a vyhotovenie inventúrnych súpisov. Zodpovednosť za manko a náhrada vzniknutej škody z pohľadu pracovnoprávnych predpisov. Škoda z hľadiska ú...

Descrizione completa

Salvato in:
Dettagli Bibliografici
Autore principale: Hricišáková, Gabriela
Altri autori: Malina, Dušan
Natura: Capitolo di libro
Lingua:slovacco
Soggetti:
Tags: Aggiungi Tag
Nessun Tag, puoi essere il primo ad aggiungerne!!

MARC

LEADER 00000naa a2200000 4500
001 r047095
005 20230711120532.4
041 0 |a slo 
044 |a SK 
245 1 0 |a Manká a škody  |c Gabriela Hricišáková, Dušan Malina 
520 |a Manko z účtovného, daňového a právneho pohľadu. Inventarizácia a postup zisťovania inventarizačných rozdielov. Prípravná etapa inventarizácie. Etapa inventúry a vyhotovenie inventúrnych súpisov. Zodpovednosť za manko a náhrada vzniknutej škody z pohľadu pracovnoprávnych predpisov. Škoda z hľadiska účtovného, daňového a právneho. 
610 2 0 |a manká 
610 2 0 |a škody 
610 2 0 |a inventarizácia 
610 2 0 |a rozdiely inventarizačné 
610 2 0 |a zodpovednosť za škody 
610 2 0 |a účtovníctvo 
610 2 0 |a majetok hmotný 
610 2 0 |a jednotka účtovná 
610 2 0 |a náhrada škody 
610 2 0 |a predpisy pracovnoprávne 
100 1 |a Hricišáková, Gabriela 
700 1 |a Malina, Dušan